00439nam a2200121Ia 4500008004100000082001900041100002100060245004600081260004000127300000900167630001800176650012300194211109s9999||||xx |||||||||||||| ||und|| a894.812bSIV-S aSivaraman Nair,  0aSakunthalopa Vyakyanavum Subdhraroharanam bNational Book StallaKottayamc1930 a99p. xGeneral Stack aLiteratures of other languagesvAltaic, Uralic, Hyperborean & DravidianMalayalam LiteratureMalayalam PoetryxGeneralia